000 00373nam a2200157Ia 4500
008 210210b1944 xxu||||| |||| 00| 0 eng d
041 _aeng
082 _a828/681
100 _aWILLCOCKS (M P)
245 _aBunyan calling
260 _aLondon
_bGeorge Allen and Unwin Limited
_c1944
650 _acalling
650 _aBunyan
690 _aBiography
906 _a016526
999 _c136079
_d136079